000 00712nam0a22002411 4500
001 rc\4233917
005 20260407082141.0
035 _a(NLR Aleph) 008227901
090 _a8197659
_c8197659
100 _a20130416d1968 |||y0rusy50 ca
101 0 _arus
102 _aRU
105 _ay z |||||
200 1 _aИнформационный материал
_fАН АзССР
210 _aБаку
_cБ. и.
_d1968
215 _a67 с.
_d25
333 _aДля служебного пользования. Экз. № 00006
710 0 2 _aАН АзССР
_cБаку
_3RU\NLR\AUTH\887829
_9287849
801 0 _aRU
_bNLR
_gpsbo
801 1 _aRU
_bELAR
_2rusmarc
852 _aNLR
_j50К/14841
942 _cBOOK
980 _aNB